150 Degree West Meridian Countries - Statistics

General Stats
  • This quiz has been taken 328 times
  • The average score is 16 of 20
Answer Stats
degrees country % Correct
United States
98%
9.00° Canada
94%
56.36° Australia
87%
26.16° New Zealand
87%
0.19° Kiribati
85%
32.88° Mexico
85%
18.98° Russia
85%
28.75° Fiji
84%
37.83° Marshall islands
83%
46.96° Micronesia (Fed States)
83%
21.43° Samoa
82%
23.90° Tonga
82%
43.04° Nauru
81%
30.13° Tuvalu
81%
39.76° Vanuatu
81%
43.87° Solomon Islands
80%
40.55° Chile
69%
54.05° Papua New Guinea
64%
7.32° Cook Islands
53%
19.78° Niue
49%
No matching quizzes found
Score Distribution
Percent of People with Each Score
Percentile by Number Answered
Your Score History
You have not taken this quiz